000 00626nam a2200205Ii 4500
003 JO-AjNU
008 230606s9999||||xx |||||||||||||| ||und||
020 _a978-81-7319-804-5
040 _aJO-AjNU
_beng
_erda
_cJO-AjNU
041 _aeng
050 1 4 _aQA76.7.2008
100 3 _aPandsh,pandey,
_eauthor
_9192
245 0 0 _aProgramming Languages principles and paradigms
264 3 1 _aNarosa Publishing House:NewDelhi,2008
300 _a344p
336 _atext
_btxt
_2rdacontent
337 _aunmediated
_bn
_2rdamedia
338 _avolume
_bnc
_2rdacarrier
650 4 _aProgramming Languages principles and paradigms
_9193
999 _aE101
_c101
_d101